Research programmes in the economics division: A review (Record no. 52434)

MARC details
000 -LEADER
fixed length control field 00591nam a2200145Ia 4500
100 ## - MAIN ENTRY--AUTHOR NAME
Personal name George K.T.
245 #0 - TITLE STATEMENT
Title Research programmes in the economics division: A review
260 ## - PUBLICATION, DISTRIBUTION, ETC. (IMPRINT)
Name of publisher In: Global competitiveness of Indian rubber plantation industry: Rubber Planters' Conference, India 2002. (Ed. C. Kuruvilla Jacob). Rubber Research Institute of India, Kottayam, India, pp. 309-325.
Year of publication 2003
650 ## - SUBJECT ADDED ENTRY--TOPICAL TERM
Topical Term Farm management
650 ## - SUBJECT ADDED ENTRY--TOPICAL TERM
Topical Term Foreign trade
650 ## - SUBJECT ADDED ENTRY--TOPICAL TERM
Topical Term Indian rubber industry
650 ## - SUBJECT ADDED ENTRY--TOPICAL TERM
Topical Term Rubber plantation industry
942 ## - ADDED ENTRY ELEMENTS (KOHA)
Koha item type Bibliography STAF
Holdings
Withdrawn status Lost status Damaged status Not for loan Home library Current library Date acquired Koha item type
      Bibliography RRII Library RRII Library 09/04/2014 Bibliography STAF